Textbook of clinical research and pharmacovigilance (Record no. 360893)

MARC details
000 -LEADER
fixed length control field 00534 a2200193 4500
005 - DATE & TIME
control field 20250213103807.0
008 - FIXED-LENGTH DATA ELEMENTS--GENERAL INFORMATION
fixed length control field 250211b |||||||| |||| 00| 0 eng d
020 ## - ISBN
International Standard Book Number 9789390211555
Price Rs. 395.00
040 ## - CATALOGING SOURCE
Original cataloging agency VIVEKANANDA LIBRARY
082 ## - DDC NUMBER
Classification number 615.1901
Book Number C459T
100 ## - MAIN ENTRY--PERSONAL NAME
Personal name Chowdary, K P R
245 ## - TITLE STATEMENT
Title Textbook of clinical research and pharmacovigilance
260 ## - PUBLICATION, DISTRIBUTION, ETC. (IMPRINT)
Name of publisher, distributor, etc PharmaMed Press
Date of publication, distribution, etc 2024
Place of publication, distribution, etc Hyderabad
300 ## - PHYSICAL DESCRIPTION
Pages xv, 268
650 ## - Subject
Subject Pharmaceutical Science
650 ## - Subject
Subject Clinical Research
650 ## - Subject
Subject Pharmacovigilance
942 ## - ADDED ENTRY ELEMENTS (KOHA)
Koha item type Books
Holdings
Withdrawn status Lost status Source of classification or shelving scheme Damaged status Not for loan Location (home branch) Sublocation or collection (holding branch) Shelving location Date acquired Koha issues (times borrowed) Koha full call number Accession No. Koha date last seen Koha item type
    Dewey Decimal Classification     VIVEKANANDA LIBRARY VIVEKANANDA LIBRARY Vivekananda Library 22/01/2025   615.1901 C459T 441771 22/01/2025 Books
© Designed and Maintained by Vivekananda Library, MDU Rohtak